000 01916nam a22004817a 4500
003 OSt
005 20220523043423.0
008 160330b xxu||||| |||| 00| 0 eng d
010 _a 2006026479
015 _aGBA674780
_2bnb
016 7 _a101284815
_2DNLM
016 7 _a013541907
_2Uk
020 _a0781759781 (onevolume ed. : alk. paper)
020 _a9780781759786 (onevolume ed. : alk. paper)
020 _a0781766958 (twovolume ed. : alk. paper)
020 _a9780781766951 (twovolume ed. : alk. paper)
035 _a(OCoLC)ocm70929238
035 _a(OCoLC)70929238
_z(OCoLC)71239163
_z(OCoLC)84717403
040 _aMMU
_cMMU
_dMMU
_dMMU
_beng
042 _apcc
050 0 0 _aRT41
_b.T46 2008
082 0 0 _a610.73
_222
245 0 0 _aBrunner & Suddarth's textbook of medical-surgical nursing.
246 3 _aBrunner and Suddarth's textbook of medical-surgical nursing
246 3 0 _aTextbook of medical-surgical nursing
250 _a11th ed. /
_b[edited by] Suzanne C. Smeltzer ... [et al.].
260 _aPhiladelphia :
_bLippincott Williams & Wilkins,
_cc2008.
300 _axxix, 2630, 109 p. :
_bill. (chiefly col.) ;
_c29 cm. +
_e1 CD-ROM (4 3/4 in.)
500 _aPrevious ed.: 2004.
504 _aIncludes bibliographical references and index.
650 0 _aNursing.
650 0 _aSurgical nursing.
_9365
650 1 2 _aNursing Care.
650 2 2 _aPerioperative Nursing.
700 1 _aBrunner, Lillian Sholtis.
700 1 _aSuddarth, Doris Smith.
700 1 _aSmeltzer, Suzanne C. O'Connell.
856 4 1 _3Table of contents only
_uhttp://www.loc.gov/catdir/toc/ecip0619/2006026479.html
856 4 2 _3Publisher description
_uhttp://www.loc.gov/catdir/enhancements/fy0712/2006026479-d.html
906 _a7
_bcbc
_corignew
_d1
_eecip
_f20
_gy-gencatlg
942 _2lcc
_cLOAN LOAN
_e10th ed.
999 _c16842
_d16842